| 000 | 00533nam a22001697a 4500 | ||
|---|---|---|---|
| 005 | 20241023122416.0 | ||
| 008 | 241023b |||||||| |||| 00| 0 eng d | ||
| 020 | _a0-7643-1697-4 | ||
| 082 |
_a720.19 _bSTO-R |
||
| 100 | _aStoddard, Patricia Ormsby | ||
| 245 |
_aRalli Quilts: _btraditional textiles of Pakistan and India / _cby Patricia Ormsby Stoddard |
||
| 260 |
_aUSA : _bSchiffer Publishing Ltd ; _c2003. |
||
| 300 |
_a176 p. : _bill. ; _c28 cm. |
||
| 500 | _aInclude Index. | ||
| 650 | _aArt & Design /Textiles | ||
| 999 |
_c36706 _d36706 |
||